Statistiques concernant Les stations de tourisme en Centre-Val-de-Loire & Pays-de-la-Loire

Cliquez ici pour prendre le quiz!

Statistiques générales

  • Ce quiz a été pris 21 fois
  • Le résultat moyen est 15 sur 24

Statistiques - réponses

HintRéponse% Correct
85L*S S*BL*S-D'*L*NN*2011Les Sables-d'Olonne
90%
44*O**I*2014Pornic
90%
85S**NT-G*LL*S-CR**X-D*-V**2017Saint-Gilles-Croix-de-Vie
90%
85S**NT-J**N*-D*-M*NTS2015Saint-Jean-de-Monts
90%
85L* TR*NCH*-S*R-M*RLa Tranche-sur-Mer
85%
44P*RN*CH*T1922Pornichet
85%
44S**NT-BR*V*N-L*S-P*NS2016Saint-Brévin-les-Pins
80%
44B*TZ-S*R-M*R2019Batz-sur-Mer
75%
44L* CR**S*C2012Le Croisic
75%
85L* F**T*-S*R-M*R1982La Faute-sur-mer
65%
44L* T*RB*LL*2019La Turballe
65%
28CH*T***D*N2019Châteaudun
60%
49*AU*U*2014Saumur
60%
44*A *AU*E-E**OU**A*1924La Baule-Escoublac
55%
18S*NC*RR*2019Sancerre
55%
37V*LL*NDR*Villandry
55%
28**A***E*2013Chartres
50%
44P*R**C-S*R-M*R2017Piriac-sur-Mer
50%
44*E *OU*I*UE*2014Le Pouliguen
45%
44PR*F**LL*S2011Préfailles
45%
44L* B*RN*R**-*N-R*TZ2021La Bernerie-en-Retz
40%
85*OI**OU*IE*-E*-L'*L*1998Noirmoutier-en-l'île
40%
85*AI**-*I*AI*E-*E-*IE*2017Saint-Hilaire-de-Riez
35%
41*OU*-**E*E**Y2013Cour-Cheverny
10%

Distribution des résultats

Percentile par nombre de réponses

% des personnes avec chaque résultat

Votre développement - résultats

Vous n’avez pas pris ce quiz